| 000 | 01038nam a22003257a 4500 | ||
|---|---|---|---|
| 003 | CHAP | ||
| 005 | 20220329133827.0 | ||
| 008 | 971013s1988 r 00010 d | ||
| 010 | _a11462 | ||
| 011 | _a12434 | ||
| 035 | _a15620 | ||
| 040 | _cCHAP | ||
| 090 | _aTesis | ||
| 100 | 0 | 0 |
_aNava Cedillo, Alejandro. _980443 |
| 245 |
_aAgave tequilana Weber azul in vitro _b: un modelo para estudios en morfogénesis |
||
| 260 |
_aMontecillo, Méx. : _bEl autor, _c1988 |
||
| 300 | _a233 h. | ||
| 500 | _aD14-55 | ||
| 502 | _aTesis (Maestro en ciencias esp. en Genética) -- CP. Centro de Genética | ||
| 590 |
_aALEPH _b10 _c20130110 _lUCH01 _h1229 |
||
| 590 |
_aBATCH-UPD _b10 _c20130110 _lUCH01 _h1822 |
||
| 590 |
_aBATCH-UPD _b10 _c20130410 _lUCH01 _h1156 |
||
| 590 |
_aCONVERSION _b10 _c20130109 _lUCH01 _h1308 |
||
| 650 | 1 | 4 |
_aAgave tequilana. _91107 |
| 650 | 1 | 4 |
_aAgave _xPropagacion. _91088 |
| 901 | _aBK | ||
| 942 | _cFOLL | ||
| 949 |
_bBC _cTES _d-27828 _eTS1 _h21060 _i15620 _si |
||
| 949 |
_bBC _cTES _d-86726 _eTS2 _fc.2 _h21061 _i15620 _si |
||
| 999 |
_c11462 _d11462 |
||